[Event "DEM U10w 2023"]
[Site "Willingen GER"]
[Date "2023.05.28"]
[Round "1"]
[White "Lola, Georgia-Maria"]
[Black "Bayer, Klara"]
[Result "1-0"]
[Termination "normal"]
[Board "6"]
[WhiteElo "1293"]
[BlackElo "1043"]
[WhiteClock "00:43:30"]
[BlackClock "01:00:53"]
[PlyCount "137"]
[WhiteFideId "34629335"]
[BlackFideId "34658955"]
[EventCountry "GER"]
[EventRounds "11"]
[EventType "swiss"]
[EventDate "2023.05.27"]

1. e4 {[%clk 01:15:57]} {[%emt 00:00:02]} e5 {[%clk 01:15:53]} {[%emt
00:00:07]} 2. Nf3 {[%clk 01:16:20]} {[%emt 00:00:08]} Nc6 {[%clk 01:16:16]}
{[%emt 00:00:07]} 3. Nc3 {[%clk 01:16:42]} {[%emt 00:00:07]} Nf6 {[%emt
00:00:10]} 4. Bb5 {[%clk 01:16:58]} {[%emt 00:00:11]} Bc5 {[%clk 01:16:09]}
{[%emt 00:01:00]} 5. O-O {[%clk 01:17:11]} {[%emt 00:00:17]} O-O {[%clk
01:16:06]} {[%emt 00:00:33]} 6. Bxc6 {[%clk 01:17:13]} {[%emt 00:00:28]} dxc6
{[%clk 01:15:56]} {[%emt 00:00:41]} 7. Nxe5 {[%clk 01:17:10]} {[%emt 00:00:32]}
Qd4 {[%clk 01:15:46]} {[%emt 00:00:40]} 8. Nf3 {[%clk 01:15:42]} {[%emt
00:01:58]} Bg4 {[%clk 01:15:21]} {[%emt 00:00:55]} 9. Nxd4 {[%clk 01:14:56]}
{[%emt 00:01:16]} Bxd1 {[%clk 01:15:44]} {[%emt 00:00:08]} 10. Nxd1 {[%clk
01:13:53]} {[%emt 00:01:33]} Bxd4 {[%clk 01:16:07]} {[%emt 00:00:06]} 11. c3
{[%clk 01:13:15]} {[%emt 00:01:07]} Bc5 {[%clk 01:15:40]} {[%emt 00:00:58]} 12.
d4 {[%clk 01:12:39]} {[%emt 00:01:07]} Be7 {[%clk 01:15:50]} {[%emt 00:00:20]}
13. Bf4 {[%clk 01:10:06]} {[%emt 00:02:59]} Rac8 {[%clk 01:15:28]} {[%emt
00:00:55]} 14. Rc1 {[%clk 01:08:22]} {[%emt 00:02:09]} Rfe8 {[%clk 01:15:33]}
{[%emt 00:00:30]} 15. f3 {[%clk 01:04:44]} {[%emt 00:04:07]} c5 {[%clk
01:14:43]} {[%emt 00:01:22]} 16. Nf2 {[%clk 01:03:24]} {[%emt 00:01:49]} cxd4
{[%clk 01:14:24]} {[%emt 00:00:50]} 17. cxd4 {[%clk 01:02:41]} {[%emt
00:01:12]} c6 {[%clk 01:14:22]} {[%emt 00:00:33]} 18. Rc2 {[%clk 00:57:57]}
{[%emt 00:05:12]} Red8 {[%clk 01:13:38]} {[%emt 00:01:15]} 19. Rd1 {[%clk
00:51:18]} {[%emt 00:07:07]} c5 {[%clk 01:11:56]} {[%emt 00:02:14]} 20. dxc5
{[%clk 00:49:48]} {[%emt 00:02:01]} Rxd1+ {[%clk 01:12:15]} {[%emt 00:00:11]}
21. Nxd1 {[%clk 00:49:45]} {[%emt 00:00:31]} Bxc5+ {[%clk 01:12:36]} {[%emt
00:00:10]} 22. Kf1 {[%clk 00:47:51]} {[%emt 00:02:19]} Rc6 {[%clk 01:11:19]}
{[%emt 00:01:53]} 23. Ne3 {[%clk 00:43:42]} {[%emt 00:04:32]} h6 {[%clk
01:10:39]} {[%emt 00:01:16]} 24. Nd5 {[%clk 00:43:00]} {[%emt 00:01:07]} Ne8
{[%clk 01:08:02]} {[%emt 00:03:12]} 25. b4 {[%clk 00:41:17]} {[%emt 00:02:14]}
Bb6 {[%clk 01:05:56]} {[%emt 00:02:36]} 26. Ne7+ {[%clk 00:41:31]} {[%emt
00:00:13]} Kf8 {[%clk 01:05:59]} {[%emt 00:00:29]} 27. Nxc6 {[%clk 00:41:55]}
{[%emt 00:00:07]} bxc6 {[%clk 01:06:18]} {[%emt 00:00:11]} 28. Rxc6 {[%clk
00:42:11]} {[%emt 00:00:13]} Ke7 {[%clk 01:05:52]} {[%emt 00:00:56]} 29. a4
{[%clk 00:41:36]} {[%emt 00:01:04]} Kd7 {[%clk 01:05:46]} {[%emt 00:00:37]} 30.
Rc4 {[%clk 00:41:46]} {[%emt 00:00:15]} Nf6 {[%clk 01:04:21]} {[%emt 00:02:00]}
31. a5 {[%clk 00:41:28]} {[%emt 00:00:46]} Bd8 {[%clk 01:04:28]} {[%emt
00:00:25]} 32. b5 {[%clk 00:41:01]} {[%emt 00:00:57]} Bxa5 {[%clk 01:04:22]}
{[%emt 00:00:36]} 33. Rd4+ {[%clk 00:40:39]} {[%emt 00:00:50]} Kc8 {[%clk
01:04:01]} {[%emt 00:00:53]} 34. Be3 {[%clk 00:40:07]} {[%emt 00:01:00]} Kc7
{[%clk 01:02:28]} {[%emt 00:02:04]} 35. Ke2 {[%clk 00:39:15]} {[%emt 00:01:19]}
Kb6 {[%clk 01:01:21]} {[%emt 00:01:42]} 36. Rd7+ {[%clk 00:39:08]} {[%emt
00:00:34]} Kxb5 {[%clk 00:59:30]} {[%emt 00:02:03]} 37. Rxa7 {[%clk 00:39:17]}
{[%emt 00:00:15]} Ne8 {[%clk 00:57:32]} {[%emt 00:02:30]} 38. Rxf7 {[%clk
00:39:24]} {[%emt 00:00:23]} Bc7 {[%clk 00:56:50]} {[%emt 00:01:12]} 39. Re7
{[%clk 00:39:10]} {[%emt 00:00:38]} Bxh2 {[%clk 00:56:51]} {[%emt 00:00:35]}
40. Rxe8 {[%clk 00:39:31]} {[%emt 00:00:08]} Kc6 {[%clk 00:56:41]} {[%emt
00:00:40]} 41. Rg8 {[%clk 00:38:18]} {[%emt 00:01:42]} Be5 {[%clk 00:56:15]}
{[%emt 00:00:58]} 42. Bxh6 {[%clk 00:37:42]} {[%emt 00:01:06]} gxh6 {[%clk
00:56:36]} {[%emt 00:00:09]} 43. Rg6+ {[%clk 00:38:07]} {[%emt 00:00:05]} Kc5
{[%clk 00:56:32]} {[%emt 00:00:34]} 44. Rxh6 {[%clk 00:38:26]} {[%emt
00:00:10]} Kd4 {[%clk 00:56:48]} {[%emt 00:00:15]} 45. g4 {[%clk 00:38:26]}
{[%emt 00:00:29]} Kc3 {[%clk 00:56:11]} {[%emt 00:01:07]} 46. Rh3 {[%clk
00:37:33]} {[%emt 00:01:21]} Bf4 {[%clk 00:56:00]} {[%emt 00:00:43]} 47. g5
{[%clk 00:37:48]} {[%emt 00:00:15]} Kd4 {[%clk 00:56:05]} {[%emt 00:00:26]} 48.
g6 {[%clk 00:38:08]} {[%emt 00:00:10]} Be5 {[%clk 00:56:18]} {[%emt 00:00:17]}
49. f4 {[%clk 00:37:35]} {[%emt 00:01:02]} Bg7 {[%clk 00:56:05]} {[%emt
00:00:43]} 50. Rh7 {[%clk 00:37:36]} {[%emt 00:00:26]} Bf6 {[%clk 00:56:23]}
{[%emt 00:00:16]} 51. g7 {[%clk 00:37:48]} {[%emt 00:00:18]} Bxg7 {[%clk
00:56:40]} {[%emt 00:00:14]} 52. Rxg7 {[%clk 00:38:12]} {[%emt 00:00:05]} Kxe4
{[%clk 00:57:05]} {[%emt 00:00:05]} 53. Rf7 {[%clk 00:38:29]} {[%emt 00:00:12]}
Kd5 {[%clk 00:56:59]} {[%emt 00:00:36]} 54. f5 {[%clk 00:38:53]} {[%emt
00:00:07]} Ke5 {[%clk 00:56:56]} {[%emt 00:00:33]} 55. Ke3 {[%clk 00:39:03]}
{[%emt 00:00:20]} Kd5 {[%clk 00:57:06]} {[%emt 00:00:20]} 56. Re7 {[%clk
00:39:19]} {[%emt 00:00:14]} Kc5 {[%clk 00:57:07]} {[%emt 00:00:29]} 57. Rd7
{[%clk 00:39:44]} {[%emt 00:00:05]} Kc6 {[%clk 00:57:30]} {[%emt 00:00:07]} 58.
Rd4 {[%clk 00:40:03]} {[%emt 00:00:10]} Kc5 {[%clk 00:57:49]} {[%emt 00:00:11]}
59. f6 {[%clk 00:40:29]} {[%emt 00:00:05]} Kc6 {[%clk 00:58:10]} {[%emt
00:00:09]} 60. f7 {[%clk 00:40:53]} {[%emt 00:00:05]} Kc5 {[%clk 00:58:35]}
{[%emt 00:00:06]} 61. f8=Q+ {[%emt 00:01:18]} Kc6 {[%clk 00:58:45]} 62. Qc8+
{[%clk 00:41:31]} {[%emt 00:00:05]} Kb5 {[%clk 00:59:03]} {[%emt 00:00:12]} 63.
Qf5+ {[%clk 00:41:47]} {[%emt 00:00:15]} Kc6 {[%clk 00:59:23]} {[%emt
00:00:10]} 64. Rh4 {[%clk 00:42:08]} {[%emt 00:00:08]} Kd6 {[%clk 00:59:33]}
{[%emt 00:00:21]} 65. Rh6+ {[%clk 00:42:33]} {[%emt 00:00:05]} Ke7 {[%clk
00:59:58]} {[%emt 00:00:05]} 66. Qa5 {[%clk 00:42:55]} {[%emt 00:00:09]} Kf7
{[%clk 01:00:10]} {[%emt 00:00:17]} 67. Qc7+ {[%clk 00:43:18]} {[%emt
00:00:06]} Kg8 {[%clk 01:00:30]} {[%emt 00:00:11]} 68. Ra6 {[%clk 00:43:35]}
{[%emt 00:00:13]} Kf8 {[%clk 01:00:53]} {[%emt 00:00:07]} 69. Ra8# {[%clk
00:43:30]} {[%emt 00:00:05]} 1-0

[Event "DEM U10w 2023"]
[Site "Willingen GER"]
[Date "2023.05.28"]
[Round "1"]
[White "Klymenko, Mariia"]
[Black "Bacakova, Klara"]
[Result "0-1"]
[Termination "normal"]
[Board "7"]
[WhiteElo "1039"]
[BlackElo "1289"]
[WhiteClock "00:23:16"]
[BlackClock "00:16:05"]
[PlyCount "146"]
[WhiteFideId "34620621"]
[BlackFideId "34605762"]
[EventCountry "GER"]
[EventRounds "11"]
[EventType "swiss"]
[EventDate "2023.05.27"]

1. e4 {[%clk 01:15:57]} {[%emt 00:00:02]} c5 {[%clk 01:15:51]} {[%emt
00:00:09]} 2. Nc3 {[%clk 01:16:19]} {[%emt 00:00:09]} e6 {[%clk 01:16:12]}
{[%emt 00:00:09]} 3. f4 {[%clk 01:16:25]} {[%emt 00:00:23]} d5 {[%clk
01:16:26]} {[%emt 00:00:16]} 4. Bb5+ {[%clk 01:16:22]} {[%emt 00:00:34]} Nc6
{[%clk 01:12:03]} {[%emt 00:04:53]} 5. Nf3 {[%clk 01:15:29]} {[%emt 00:01:23]}
d4 {[%clk 01:07:46]} {[%emt 00:04:47]} 6. Ne2 {[%clk 01:15:34]} {[%emt
00:00:22]} Bd7 {[%clk 01:06:46]} {[%emt 00:01:33]} 7. O-O {[%clk 01:13:28]}
{[%emt 00:02:35]} Be7 {[%clk 01:04:59]} {[%emt 00:02:17]} 8. c3 {[%clk
01:07:13]} {[%emt 00:06:45]} dxc3 {[%clk 00:59:40]} {[%emt 00:05:51]} 9. dxc3
{[%clk 01:06:35]} {[%emt 00:01:07]} Nf6 {[%clk 00:57:48]} {[%emt 00:02:22]} 10.
Ng3 {[%clk 01:05:48]} {[%emt 00:01:15]} O-O {[%clk 00:47:49]} {[%emt 00:10:31]}
11. Be3 {[%clk 01:02:45]} {[%emt 00:03:32]} Re8 {[%clk 00:41:07]} {[%emt
00:07:13]} 12. Qe2 {[%clk 00:57:28]} {[%emt 00:05:44]} Bf8 {[%clk 00:38:51]}
{[%emt 00:02:49]} 13. Rad1 {[%clk 00:56:31]} {[%emt 00:01:22]} Qc7 {[%clk
00:38:37]} {[%emt 00:00:49]} 14. h3 {[%clk 00:47:05]} {[%emt 00:09:53]} b6
{[%clk 00:36:29]} {[%emt 00:02:41]} 15. c4 {[%clk 00:43:21]} {[%emt 00:04:14]}
Red8 {[%clk 00:34:17]} {[%emt 00:02:42]} 16. e5 {[%clk 00:42:21]} {[%emt
00:01:29]} Ne8 {[%clk 00:34:17]} {[%emt 00:00:32]} 17. Ng5 {[%clk 00:40:47]}
{[%emt 00:01:55]} g6 {[%clk 00:32:23]} {[%emt 00:02:32]} 18. Qg4 {[%clk
00:34:35]} {[%emt 00:06:38]} Bg7 {[%clk 00:30:05]} {[%emt 00:02:52]} 19. N5e4
{[%clk 00:30:51]} {[%emt 00:04:08]} Ne7 {[%clk 00:23:45]} {[%emt 00:06:56]} 20.
Bxd7 {[%clk 00:25:10]} {[%emt 00:06:10]} Rxd7 {[%clk 00:23:50]} {[%emt
00:00:26]} 21. Rxd7 {[%clk 00:25:29]} {[%emt 00:00:11]} Qxd7 {[%clk 00:24:08]}
{[%emt 00:00:10]} 22. Rd1 {[%clk 00:25:02]} {[%emt 00:00:51]} Qc7 {[%clk
00:23:15]} {[%emt 00:01:31]} 23. Qh4 {[%clk 00:23:43]} {[%emt 00:01:45]} Rd8
{[%clk 00:19:12]} {[%emt 00:04:36]} 24. Rxd8 {[%clk 00:22:17]} {[%emt
00:01:57]} Qxd8 {[%clk 00:19:31]} {[%emt 00:00:11]} 25. Nf6+ {[%clk 00:19:41]}
{[%emt 00:03:03]} Bxf6 {[%clk 00:18:30]} {[%emt 00:01:34]} 26. exf6 {[%clk
00:19:41]} {[%emt 00:00:29]} Nf5 {[%clk 00:17:54]} {[%emt 00:01:07]} 27. Nxf5
{[%clk 00:19:14]} {[%emt 00:00:55]} exf5 {[%clk 00:18:09]} {[%emt 00:00:16]}
28. Qe1 {[%clk 00:16:11]} {[%emt 00:03:29]} Nxf6 {[%clk 00:17:57]} {[%emt
00:00:46]} 29. Kf2 {[%clk 00:15:53]} {[%emt 00:00:47]} Ne4+ {[%clk 00:17:51]}
{[%emt 00:00:38]} 30. Kf3 {[%clk 00:15:56]} {[%emt 00:00:22]} Qf6 {[%clk
00:17:16]} {[%emt 00:01:10]} 31. b3 {[%clk 00:15:53]} {[%emt 00:00:32]} Qc3
{[%clk 00:17:15]} {[%emt 00:00:32]} 32. Qxc3 {[%clk 00:15:56]} {[%emt
00:00:26]} Nxc3 {[%clk 00:17:40]} {[%emt 00:00:06]} 33. a3 {[%clk 00:16:04]}
{[%emt 00:00:17]} Kf8 {[%clk 00:17:52]} {[%emt 00:00:23]} 34. g4 {[%clk
00:16:15]} {[%emt 00:00:15]} fxg4+ {[%clk 00:16:40]} {[%emt 00:01:46]} 35. hxg4
{[%clk 00:16:31]} {[%emt 00:00:10]} f5 {[%clk 00:16:41]} {[%emt 00:00:33]} 36.
g5 {[%clk 00:15:54]} {[%emt 00:01:05]} Ne4 {[%clk 00:16:50]} {[%emt 00:00:23]}
37. Bc1 {[%clk 00:15:26]} {[%emt 00:00:53]} Kg8 {[%clk 00:16:07]} {[%emt
00:01:18]} 38. Be3 {[%clk 00:14:46]} {[%emt 00:00:59]} h6 {[%clk 00:15:24]}
{[%emt 00:01:23]} 39. Kg2 {[%clk 00:13:22]} {[%emt 00:01:49]} h5 {[%clk
00:11:22]} {[%emt 00:04:37]} 40. Kh3 {[%clk 00:12:28]} {[%emt 00:00:58]} Kf7
{[%clk 00:11:15]} {[%emt 00:01:03]} 41. Kh2 {[%clk 00:12:29]} {[%emt 00:00:24]}
Ke6 {[%clk 00:11:10]} {[%emt 00:00:41]} 42. Kg2 {[%clk 00:11:28]} {[%emt
00:01:28]} Kd6 {[%clk 00:11:24]} {[%emt 00:00:18]} 43. b4 {[%clk 00:08:21]}
{[%emt 00:03:38]} Kc6 {[%clk 00:10:02]} {[%emt 00:01:52]} 44. b5+ {[%clk
00:07:54]} {[%emt 00:00:56]} Kb7 {[%clk 00:10:15]} {[%emt 00:00:18]} 45. Kf3
{[%clk 00:06:46]} {[%emt 00:01:36]} Nd6 {[%clk 00:09:35]} {[%emt 00:01:12]} 46.
Bf2 {[%clk 00:05:39]} {[%emt 00:01:24]} Nxc4 {[%clk 00:09:52]} {[%emt
00:00:26]} 47. a4 {[%clk 00:05:40]} {[%emt 00:00:29]} Nb2 {[%clk 00:10:06]}
{[%emt 00:00:15]} 48. a5 {[%clk 00:05:49]} {[%emt 00:00:22]} Nd1 {[%clk
00:08:26]} {[%emt 00:02:10]} 49. a6+ {[%clk 00:05:52]} {[%emt 00:00:27]} Kc7
{[%clk 00:08:42]} {[%emt 00:00:14]} 50. Be1 {[%clk 00:05:43]} {[%emt 00:00:37]}
Nb2 {[%clk 00:08:11]} {[%emt 00:01:03]} 51. Bc3 {[%clk 00:05:43]} {[%emt
00:00:25]} Nc4 {[%clk 00:08:08]} {[%emt 00:00:38]} 52. Ke2 {[%clk 00:05:44]}
{[%emt 00:00:24]} Na3 {[%clk 00:07:14]} {[%emt 00:01:28]} 53. Kd3 {[%clk
00:05:52]} {[%emt 00:00:14]} Nxb5 {[%clk 00:07:30]} {[%emt 00:00:23]} 54. Bd2
{[%clk 00:05:59]} {[%emt 00:00:19]} Kc6 {[%clk 00:07:25]} {[%emt 00:00:38]} 55.
Kc4 {[%clk 00:05:56]} {[%emt 00:00:31]} Nd6+ {[%clk 00:07:28]} {[%emt
00:00:29]} 56. Kd3 {[%clk 00:05:54]} {[%emt 00:00:22]} Ne4 {[%emt 00:00:48]}
57. Be3 {[%clk 00:06:06]} {[%emt 00:00:02]} Kb5 {[%clk 00:07:04]} {[%emt
00:01:02]} 58. Bg1 {[%clk 00:05:53]} {[%emt 00:00:42]} Kxa6 {[%clk 00:07:22]}
{[%emt 00:00:15]} 59. Kc4 {[%clk 00:06:06]} {[%emt 00:00:14]} Ka5 {[%clk
00:06:45]} {[%emt 00:01:08]} 60. Kd5 {[%clk 00:06:25]} {[%emt 00:00:11]} Nd2
{[%clk 00:05:14]} {[%emt 00:02:02]} 61. Ke6 {[%clk 00:06:18]} {[%emt 00:00:37]}
c4 {[%clk 00:15:17]} {[%emt 00:05:27]} 62. Bd4 {[%clk 00:21:34]} {[%emt
00:00:14]} Kb4 {[%clk 00:15:05]} {[%emt 00:00:42]} 63. Kf6 {[%clk 00:21:21]}
{[%emt 00:00:42]} h4 {[%clk 00:14:57]} {[%emt 00:00:38]} 64. Kxg6 {[%clk
00:21:28]} {[%emt 00:00:23]} h3 {[%clk 00:14:52]} {[%emt 00:00:35]} 65. Bg1
{[%clk 00:21:39]} {[%emt 00:00:19]} c3 {[%clk 00:14:59]} {[%emt 00:00:24]} 66.
Kf7 {[%clk 00:21:40]} {[%emt 00:00:28]} c2 {[%clk 00:15:15]} {[%emt 00:00:15]}
67. Bc5+ {[%clk 00:21:50]} {[%emt 00:00:19]} Kxc5 {[%clk 00:15:13]} {[%emt
00:00:33]} 68. g6 {[%clk 00:22:12]} {[%emt 00:00:08]} c1=Q {[%clk 00:15:33]}
{[%emt 00:00:10]} 69. g7 {[%clk 00:22:37]} {[%emt 00:00:04]} Qg1 {[%clk
00:15:50]} {[%emt 00:00:13]} 70. Ke6 {[%clk 00:22:27]} {[%emt 00:00:40]} Qxg7
{[%clk 00:15:25]} {[%emt 00:00:55]} 71. Kxf5 {[%clk 00:22:41]} {[%emt
00:00:16]} h2 {[%clk 00:15:32]} {[%emt 00:00:24]} 72. Ke6 {[%clk 00:22:52]}
{[%emt 00:00:18]} h1=Q {[%clk 00:15:52]} {[%emt 00:00:10]} 73. f5 {[%clk
00:23:16]} {[%emt 00:00:06]} Qd5+ {[%clk 00:16:05]} {[%emt 00:00:16]} 0-1

[Event "DEM U10w 2023"]
[Site "Willingen GER"]
[Date "2023.05.28"]
[Round "1"]
[White "Nönnig, Lotte"]
[Black "Ruddat, Maila"]
[Result "1-0"]
[Termination "normal"]
[Board "8"]
[WhiteElo "1341"]
[BlackElo "1024"]
[WhiteClock "00:57:48"]
[BlackClock "01:09:27"]
[PlyCount "83"]
[WhiteFideId "34611509"]
[BlackFideId "34628100"]
[EventCountry "GER"]
[EventRounds "11"]
[EventType "swiss"]
[EventDate "2023.05.27"]

1. e4 {[%clk 01:15:58]} {[%emt 00:00:01]} e5 {[%clk 01:15:52]} {[%emt
00:00:09]} 2. Nf3 {[%clk 01:16:21]} {[%emt 00:00:07]} Nc6 {[%clk 01:16:14]}
{[%emt 00:00:08]} 3. Bc4 {[%clk 01:16:47]} {[%emt 00:00:04]} Bc5 {[%clk
01:16:33]} {[%emt 00:00:10]} 4. c3 {[%clk 01:17:12]} {[%emt 00:00:06]} Nf6
{[%clk 01:16:51]} {[%emt 00:00:11]} 5. d4 {[%clk 01:17:34]} {[%emt 00:00:08]}
exd4 {[%clk 01:17:09]} {[%emt 00:00:11]} 6. cxd4 {[%clk 01:17:59]} {[%emt
00:00:06]} Bb4+ {[%clk 01:17:22]} {[%emt 00:00:17]} 7. Bd2 {[%clk 01:18:22]}
{[%emt 00:00:07]} Bxd2+ {[%clk 01:17:33]} {[%emt 00:00:18]} 8. Nbxd2 {[%clk
01:18:46]} {[%emt 00:00:07]} d5 {[%clk 01:17:48]} {[%emt 00:00:15]} 9. exd5
{[%clk 01:19:10]} {[%emt 00:00:06]} Nxd5 {[%clk 01:18:09]} {[%emt 00:00:10]}
10. Qb3 {[%clk 01:19:30]} {[%emt 00:00:10]} Nce7 {[%clk 01:18:26]} {[%emt
00:00:12]} 11. O-O {[%clk 01:19:49]} {[%emt 00:00:12]} O-O {[%clk 01:18:44]}
{[%emt 00:00:11]} 12. Rac1 {[%clk 01:19:42]} {[%emt 00:00:37]} c6 {[%clk
01:18:41]} {[%emt 00:00:33]} 13. Rfe1 {[%clk 01:19:46]} {[%emt 00:00:27]} Bf5
{[%clk 01:16:36]} {[%emt 00:02:34]} 14. Qxb7 {[%clk 01:15:53]} {[%emt
00:04:23]} Nb6 {[%clk 01:13:33]} {[%emt 00:03:32]} 15. Qxe7 {[%clk 01:15:41]}
{[%emt 00:00:44]} Qxe7 {[%clk 01:13:47]} {[%emt 00:00:15]} 16. Rxe7 {[%emt
00:00:49]} Nxc4 {[%clk 01:13:36]} 17. Rxc4 {[%clk 01:16:01]} {[%emt 00:00:32]}
Rab8 {[%clk 01:12:42]} {[%emt 00:01:23]} 18. Rxc6 {[%clk 01:15:34]} {[%emt
00:00:56]} Rxb2 {[%clk 01:12:51]} {[%emt 00:00:22]} 19. Rxa7 {[%clk 01:15:13]}
{[%emt 00:00:52]} Rfb8 {[%clk 01:12:32]} {[%emt 00:00:47]} 20. h3 {[%clk
01:14:46]} {[%emt 00:00:59]} Be6 {[%clk 01:12:17]} {[%emt 00:00:43]} 21. Rca6
{[%clk 01:13:13]} {[%emt 00:02:04]} h6 {[%clk 01:12:10]} {[%emt 00:00:36]} 22.
Ra8 {[%clk 01:12:17]} {[%emt 00:01:27]} Bd5 {[%clk 01:11:03]} {[%emt 00:01:36]}
23. Rxb8+ {[%clk 01:12:04]} {[%emt 00:00:45]} Rxb8 {[%clk 01:11:18]} {[%emt
00:00:13]} 24. Ne5 {[%clk 01:11:16]} {[%emt 00:01:19]} f6 {[%clk 01:11:01]}
{[%emt 00:00:47]} 25. Nd7 {[%emt 00:01:32]} Rb4 {[%clk 01:10:24]} {[%emt
00:01:03]} 26. Nb3 {[%clk 01:07:02]} {[%emt 00:03:47]} Bxb3 {[%clk 01:10:31]}
{[%emt 00:00:22]} 27. axb3 {[%clk 01:07:23]} {[%emt 00:00:10]} Rxd4 {[%clk
01:09:55]} {[%emt 00:01:04]} 28. Nc5 {[%clk 01:05:34]} {[%emt 00:02:21]} Rd1+
{[%clk 01:10:03]} {[%emt 00:00:21]} 29. Kh2 {[%clk 01:05:51]} {[%emt 00:00:13]}
Rc1 {[%clk 01:10:21]} {[%emt 00:00:11]} 30. b4 {[%clk 01:05:30]} {[%emt
00:00:53]} Rc4 {[%clk 01:10:35]} {[%emt 00:00:14]} 31. Rb6 {[%clk 01:05:46]}
{[%emt 00:00:13]} Kf7 {[%clk 01:10:14]} {[%emt 00:00:52]} 32. Kg3 {[%clk
01:05:07]} {[%emt 00:01:10]} Ke7 {[%clk 01:10:32]} {[%emt 00:00:11]} 33. Kf3
{[%clk 01:04:56]} {[%emt 00:00:42]} Kd8 {[%clk 01:10:28]} {[%emt 00:00:32]} 34.
Rb7 {[%clk 01:03:46]} {[%emt 00:01:42]} g5 {[%clk 01:09:44]} {[%emt 00:01:14]}
35. Ke3 {[%clk 01:03:38]} {[%emt 00:00:39]} f5 {[%clk 01:08:44]} {[%emt
00:01:28]} 36. Kd3 {[%clk 01:03:18]} {[%emt 00:00:51]} Rc1 {[%clk 01:08:56]}
{[%emt 00:00:17]} 37. Kd4 {[%clk 00:58:38]} {[%emt 00:05:12]} Rg1 {[%clk
01:08:44]} {[%emt 00:00:41]} 38. b5 {[%clk 00:57:07]} {[%emt 00:02:02]} Rxg2
{[%clk 01:09:01]} {[%emt 00:00:12]} 39. b6 {[%clk 00:57:12]} {[%emt 00:00:27]}
f4 {[%clk 01:09:09]} {[%emt 00:00:20]} 40. Rd7+ {[%clk 00:57:13]} {[%emt
00:00:29]} Ke8 {[%clk 01:09:21]} {[%emt 00:00:17]} 41. b7 {[%clk 00:57:31]}
{[%emt 00:00:13]} Rxf2 {[%clk 01:09:27]} {[%emt 00:00:24]} 42. b8=Q# {[%clk
00:57:48]} {[%emt 00:00:14]} 1-0

[Event "DEM U10w 2023"]
[Site "Willingen GER"]
[Date "2023.05.28"]
[Round "1"]
[White "Trush, Diana"]
[Black "Tu, Tiffany"]
[Result "0-1"]
[Termination "normal"]
[Board "9"]
[WhiteElo "1002"]
[BlackElo "1071"]
[WhiteClock "00:36:30"]
[BlackClock "01:09:09"]
[PlyCount "60"]
[WhiteFideId "34644091"]
[BlackFideId "34628576"]
[EventCountry "GER"]
[EventRounds "11"]
[EventType "swiss"]
[EventDate "2023.05.27"]

1. e4 {[%clk 01:15:56]} {[%emt 00:00:02]} e5 {[%clk 01:15:51]} {[%emt
00:00:09]} 2. Nf3 {[%clk 01:15:55]} {[%emt 00:00:32]} Nc6 {[%clk 01:16:13]}
{[%emt 00:00:09]} 3. Bc4 {[%clk 01:15:01]} {[%emt 00:01:24]} Nf6 {[%clk
01:16:30]} {[%emt 00:00:12]} 4. d3 {[%clk 01:13:43]} {[%emt 00:01:48]} Bc5
{[%clk 01:16:51]} {[%emt 00:00:09]} 5. Nc3 {[%clk 01:13:21]} {[%emt 00:00:51]}
d6 {[%clk 01:17:13]} {[%emt 00:00:09]} 6. h3 {[%clk 01:13:40]} {[%emt
00:00:12]} a6 {[%clk 01:17:05]} {[%emt 00:00:38]} 7. a4 {[%clk 01:13:17]}
{[%emt 00:00:53]} Ba7 {[%clk 01:16:51]} {[%emt 00:00:42]} 8. O-O {[%clk
01:13:29]} {[%emt 00:00:19]} O-O {[%clk 01:16:05]} {[%emt 00:01:16]} 9. Bg5
{[%clk 01:13:43]} {[%emt 00:00:16]} h6 {[%clk 01:16:18]} {[%emt 00:00:17]} 10.
Bh4 {[%clk 01:14:04]} {[%emt 00:00:10]} Nb4 {[%clk 01:14:39]} {[%emt 00:02:04]}
11. Ra3 {[%clk 01:06:08]} {[%emt 00:08:30]} Re8 {[%clk 01:13:14]} {[%emt
00:01:55]} 12. Re1 {[%clk 00:59:25]} {[%emt 00:07:12]} c6 {[%clk 01:12:45]}
{[%emt 00:00:56]} 13. Rb3 {[%clk 00:58:23]} {[%emt 00:01:36]} a5 {[%clk
01:12:52]} {[%emt 00:00:22]} 14. Ne2 {[%clk 00:53:42]} {[%emt 00:05:09]} d5
{[%clk 01:12:59]} {[%emt 00:00:25]} 15. exd5 {[%clk 00:53:09]} {[%emt
00:01:04]} cxd5 {[%clk 01:13:21]} {[%emt 00:00:08]} 16. Bb5 {[%clk 00:52:58]}
{[%emt 00:00:42]} Re6 {[%clk 01:13:39]} {[%emt 00:00:08]} 17. c3 {[%emt
00:01:33]} Nc6 {[%clk 01:13:14]} {[%emt 00:00:38]} 18. Bxc6 {[%clk 00:50:42]}
{[%emt 00:02:03]} bxc6 {[%clk 01:13:28]} {[%emt 00:00:16]} 19. d4 {[%clk
00:50:29]} {[%emt 00:00:43]} exd4 {[%clk 01:12:33]} {[%emt 00:01:26]} 20. Nf4
{[%clk 00:49:52]} {[%emt 00:01:06]} Rxe1+ {[%clk 01:11:12]} {[%emt 00:01:52]}
21. Qxe1 {[%clk 00:50:09]} {[%emt 00:00:12]} Qd6 {[%clk 01:09:03]} {[%emt
00:02:35]} 22. g3 {[%clk 00:49:35]} {[%emt 00:01:05]} Ne4 {[%clk 01:08:47]}
{[%emt 00:00:38]} 23. c4 {[%clk 00:48:47]} {[%emt 00:01:29]} g5 {[%clk
01:08:41]} {[%emt 00:00:34]} 24. Bxg5 {[%clk 00:46:25]} {[%emt 00:02:54]} hxg5
{[%clk 01:09:01]} {[%emt 00:00:10]} 25. Nh5 {[%clk 00:46:05]} {[%emt 00:00:48]}
Bxh3 {[%clk 01:08:27]} {[%emt 00:01:04]} 26. Qc1 {[%clk 00:44:40]} {[%emt
00:01:56]} dxc4 {[%clk 01:08:21]} {[%emt 00:00:38]} 27. Qxc4 {[%clk 00:42:45]}
{[%emt 00:02:23]} Bg4 {[%clk 01:08:33]} {[%emt 00:00:16]} 28. Rb7 {[%clk
00:42:36]} {[%emt 00:00:42]} Bxh5 {[%clk 01:08:36]} {[%emt 00:00:27]} 29. Kg2
{[%clk 00:37:21]} {[%emt 00:05:45]} Bxf3+ {[%clk 01:08:52]} {[%emt 00:00:13]}
30. Kh3 {[%clk 00:36:30]} {[%emt 00:01:22]} Qh6# {[%clk 01:09:09]} 0-1